000 00448cam a22001934a 4500
005 20250605164325.0
008 250528s ||||||||||||||||||||||||d
035 _a23018
020 _a9780139162633
040 _aGR-AtMCL
_bgre
_dGR-AtMCL
_eAACR2
245 1 _aTHE EUROPEAN UNION
250 _a5
260 _bPrentice Hall,
_c1998
300 _a621
700 1 _aEl-Agraa Ali M
_98599
942 _cBK
999 _c8059
_d8059